| 000 | 00884nas a2200289 4500 | ||
|---|---|---|---|
| 001 | BR2017001900 | ||
| 003 | BR-BrBNA | ||
| 005 | 20231205131022.0 | ||
| 007 | ta | ||
| 008 | 230509b bl.|||p| |||| 00| 00por d | ||
| 040 |
_aBR-BrBNA _bpor _cBiblioteca Nacional de Agricultura |
||
| 041 | _a(Es) | ||
| 072 | _aF61; F04 | ||
| 100 | 1 | _aLorenzo, G.A. | |
| 100 | 1 | _aMascarini, L. | |
| 100 | 1 | _aGonzalez, M.N. | |
| 245 | 1 | _aDosis de N sobre reflectancia espectral, contenido de clorofila y nutrientes en plantas de gerbera | |
| 650 | _aGÉRBERA | ||
| 650 | _aPLANTA ORNAMENTAL | ||
| 650 | _aNITROGÊNIO | ||
| 650 | _aÁREA FOLIAR | ||
| 650 | _aCLOROFILA | ||
| 650 | _aANÁLISE DO SOLO | ||
| 773 | 0 |
_tHorticultura Brasileira (Brazil) _xISSN 0102-0536 _g(Apr-Jun 2017), v. 35(2) p. 278-285 _wBR2017001900 |
|
| 909 |
_a202311 _bLúcia _c55 _dLúcia Elande |
||
| 942 |
_2AGRIS _n0 _cANA |
||
| 999 |
_c252617 _d252617 |
||